Michelle Luo
N/A
Categories
RMP - Greco-Roman Mythology | 2 | 1 | 0 | 0 | 40 | 17 | 54.33 | 1 | 1 |
RMP - World Mythology | 0 | 2 | 0 | 0 | 20 | 58 | 97.00 | 0 | 0 |
RMP - Hebrew Bible | 1 | 0 | 0 | 0 | 15 | 20 | 20.00 | 1 | 1 |
History - American | 0 | 1 | 0 | 0 | 10 | 78 | 78.00 | 0 | 0 |
Literature - British | 0 | 1 | 0 | 0 | 10 | 83 | 83.00 | 0 | 0 |
Literature - World and Miscellaneous | 0 | 1 | 0 | 0 | 10 | 129 | 129.00 | 0 | 0 |
RMP - East Asian Religion | 0 | 1 | 0 | 0 | 10 | 81 | 81.00 | 0 | 0 |
Other - Other Academic and General Knowledge | 0 | 1 | 0 | 0 | 10 | 119 | 119.00 | 0 | 0 |
Fine Arts - Miscellaneous | 0 | 1 | 0 | 0 | 10 | 94 | 94.00 | 0 | 0 |
Fine Arts - Photography | 0 | 1 | 0 | 0 | 10 | 120 | 120.00 | 0 | 0 |
RMP - Islam | 0 | 1 | 0 | 0 | 10 | 124 | 124.00 | 0 | 0 |
Fine Arts - Jazz | 0 | 0 | 0 | 0 | 0 | 0.00 | 0 | 0 | |
RMP - Buddhism | 0 | 0 | 0 | 0 | 0 | 0.00 | 0 | 0 |